Retrouve Le Joueur de Football ( n°1) - Statistiques

Statistiques générales
  • Ce quiz a été pris 588 fois
  • Le résultat moyen est 8 sur 15
Statistiques - réponses
Saison Club Réponse % Correct
2004 - 20072007 - 2011 2011 - 2017 2017 - 2020 2020 - 2022 ES Troyes ACAS Saint-Étienne Paris Saint-Germain Juventus FC Inter Miami Blaise Matuidi
88%
2010 - 20132013 - 2015 2015 - Hambourg SVBayer Leverkusen Tottenham Hotspur Heung-Min Son
81%
2011 - 2017> 2015 - 2016 2017 - 2021 2021 - AS MonacoOGC Nice Olympique de Marseille Montpellier HSC Valère Germain
73%
2006 - 20082008 - 2013 2013 - 2019 2019 - Standard de LiègeEverton FC Manchester United Shandong Taishan Marouane Fellaini
59%
2005 - 20072007 - 2011 2011 - 2015 2015 - 2018 2018 - 2020 2020 - 2022 2022 - Colo-ColoBayer Leverkusen Juventus FC Bayern Munich FC Barcelone Inter Milan CR Flamengo Arturo Vidal
53%
2010 - 20122012 - 2013 2013 - 2015 2015 - 2018 > 2017 - 2018 2018 - 2020 2020 - RC LensSéville FC AS Monaco Inter Milan Valence CF Valence CF Atlético de Madrid Geoffrey Kondogbia
52%
1998 - 19991999 - 2000 2000 - 2002 2002 - 2006 2006 - 2014 2014 - 2017 2017 - 2018 2018 - 2020 SC MarsalaMonza Calcio OGC Nice AS Monaco Manchester United Juventus FC Olympique de Marseille West Ham United Patrice Evra
50%
2002 - 20032003 - 2011 2011 - 2017 2017 - 2020 2020 - AS CannesArsenal FC Manchester City Istanbul Basaksehir Servette FC Gael Clichy
46%
2007 - 20082008 - 2010 2010 - 2013 > 2011 - 2012 2013 - 2015 2015 - 2017 2017 - 2020 > 2019 > 2020 2020 - FC MidtjyllandUS Palerme VfL Wolfsburg AS Rome LOSC Lille Fenerbahce SK Séville FC Atalanta Bergame AC Milan AC Milan Simon Kjaer
42%
1997 - 20002000 - 2003 2003 - 2007 2007 - 2013 2013 - 2014 2014 - 2015 2015 - 2016 > 2016 2018 LB ChâteaurouxEA Guingamp Olympique Lyonnais Chelsea FC Trabzonspor FC Metz Delhi Dynamos Wadi Degla FC Differdange Florent Malouda
40%
1992 - 19961996 - 2000 2000 - 2002 2002 - 2006 2006 - 2008 AS CannesGirondins de Bordeaux
Parme AC Werder Brême Girondins de Bordeaux
Johan Micoud
38%
2001 - 20032003 - 2006 2006 - 2009 2009 - 2012 > 2011 > 2011 - 2012 2012 - 2015 2016 2017 - 2019 2019 2020 FC MetzAS Monaco Arsenal FC Manchester City Real Madrid Tottenham Hotspur Tottenham Hotspur Crystal Palace Istanbul Basaksehir Kayserispor Club Olimpia Emmanuel Adebayor
36%
2008 - 20112011 - 2014 2014 - 2017 2017 - 2020 > 2018 - 2019 > 2019 - 2020 2020 - Le Mans FCFC Sochaux LOSC Lille Séville FC Benfica Lisbonne Espanyol de Barcelone FC Nantes Sébastien Corchia
33%
1979 - 19821982 - 1985 1985 - 1987 1987 - 1994 > 1993 - 1994 1994 - 1995 1995 - 1998 HFC HaarlemFeyenoord Rotterdam PSV Eindhoven Milan AC UC Sampdoria UC Sampdoria Chelsea FC Ruud Gullit
31%
2009 - 20112011 - 2015 2015 - 2017 2017 - 2019 2019 - 2022 2022 - ParanaenseAC Fiorentina Juventus FC Valence CF FC Barcelone AFC Bournemouth Neto
30%
Aucun quiz correspondant
Distribution des résultats
% des personnes avec chaque résultat
Percentile par nombre de réponses
Votre historique - résultats
Vous n’avez pas pris ce quiz